Bienes y servicios ambientales (Registro nro. 3839)

Detalles MARC
000 -CABECERA
Campo de control 00978nam a2200301 a 4500
005 - FECHA Y HORA DE LA ULTIMA TRANSACCION
Campo de control 20200104041544.0
008 - ELEMENTOS DE LONGITUD FIJA—INFORMACION GENERAL
Campo de control 140312b2003 ec a gr|||| 00| 0 spa d
040 ## - FUENTE DE CATALOGACIÓN
Agencia catalogadora original CO-BoIAVH
Agencia transcriptora CO-BoIAVH
041 ## - IDIOMA
Código de idioma para texto/pista de sonido o título separado Español
044 ## - PAÍS DE PUBLICACIÓN
País de publicación Ecuador
082 04 - NUMERO DE CLASIFICACION DECIMAL DEWEY
Número de clasificación 354.028
Número del ítem B73b
100 1# - ASIENTO PRINCIPAL--NOMBRE PERSONAL
Nombre personal Borregaard, Nicola
9 (RLIN) 20780
245 2# - MENCION DE TITULO
Título Bienes y servicios ambientales
Parte restante del título insumos para la discusión desde la perspectiva Latinoamericana
260 ## - PUBLICACION, DISTRIBUCION, ETC. (PIE DE IMPRENTA)
Lugar de publicación, distribución, etc. Quito
Nombre del editor, distribuidor, etc. RIDES
-- Fundación Futuro Latinoamericano
Fecha de publicación, distribución, etc. 2003
300 ## - DESCRIPCION FISICA
Extensión 79 paginas. :
Otros detalles físicos ilustraciones. ;
Dimensiones 30 x 21 cm
650 #4 - ASIENTO SECUNDARIO DE MATERIA - TERMINO TEMATICO
Término temático o nombre geográfico como elemento de entrada Servicios ambientales
9 (RLIN) 61826
650 #4 - ASIENTO SECUNDARIO DE MATERIA - TERMINO TEMATICO
Término temático o nombre geográfico como elemento de entrada Desarrollo sostenible
9 (RLIN) 278
650 #4 - ASIENTO SECUNDARIO DE MATERIA - TERMINO TEMATICO
Término temático o nombre geográfico como elemento de entrada Comercio
9 (RLIN) 61828
650 #4 - ASIENTO SECUNDARIO DE MATERIA - TERMINO TEMATICO
Término temático o nombre geográfico como elemento de entrada Certificación ambiental
9 (RLIN) 4417
650 ## - ASIENTO SECUNDARIO DE MATERIA - TERMINO TEMATICO
Término temático o nombre geográfico como elemento de entrada Incentivos
9 (RLIN) 61830
650 #4 - ASIENTO SECUNDARIO DE MATERIA - TERMINO TEMATICO
Término temático o nombre geográfico como elemento de entrada Bienes y servicios ambientales
9 (RLIN) 4349
650 #4 - ASIENTO SECUNDARIO DE MATERIA - TERMINO TEMATICO
Término temático o nombre geográfico como elemento de entrada Mercados verdes
9 (RLIN) 2232
662 ## - ASIENTO SECUNDARIO DE MATERIA - JERARQUIA DEL NOMBRE DE LUGAR(
Jurisdicción política intermedia Latinoamérica
700 1# - ASIENTO SECUNDARIO - NOMBRE PERSONAL
Nombre personal Dufey, Annie
9 (RLIN) 20784
700 1# - ASIENTO SECUNDARIO - NOMBRE PERSONAL
Nombre personal Guzmán, Zulma
9 (RLIN) 20785
942 ## - ELEMENTOS ADICIONALES (KOHA)
Tipo de ítem Libro
Sistema de clasificación Dewey Decimal Classification
945 ## - PROCESAMIENTO LOCAL
AAAA-MM-DD - Fecha de ingreso o modificacion 2004-05-13
Existencias
Withdrawn status Lost status Sistema de Clasificación Damaged status No para préstamo Colección Inventariado Ubicación Permanente Ubicación actual Fecha de adquisición Fuente de Valor Valor Total Checkouts Número topográfico Inventario / Código de Barras Date last seen Ejemplar Price effective from Forma de adquisición Tipo de material
    Dewey Decimal Classification     General Inventariado 2017 Bogotá Bogotá 13/05/2004 Instituto 15000.00   LB-354.028 B73b 015707 27/05/2013 Ej. 1 04/12/2012   Libro
    Dewey Decimal Classification     General Inventariado 2017 Sala Fabio Quevedo Sala Fabio Quevedo 05/04/2005 Instituto 15000.00   LB-354.028 B73b 017719 04/12/2012 Ej. 2 04/12/2012 Donación Libro